000
00351 a2200169 4500
001
191980
020
_a
978-85-20-00089-2
040
_c
Magnum
100
_a
Umpi, Dani
240
1
0
_a
O vestido da mamãe
_l
por
245
1
0
_a
O vestido da mamãe
300
_a
44
362
0
_a
2015
440
1
_a
FTD
697
_a
LITERATURA INFANTO
942
_c
BK
999
_c
191980
_d
191980